| 000 | 00809nam a22002417a 4500 | ||
|---|---|---|---|
| 003 | DO-SdBNP | ||
| 005 | 20230315105223.0 | ||
| 008 | 171025b2016 sp || |||| 00| 0 spa d | ||
| 020 | _a9788498386691 | ||
| 040 |
_aBPMSU _bspa _cBPMSU |
||
| 082 |
_a823.91 _bR884H 2016 _222 |
||
| 100 | 1 |
_aRowling, J. K. _d1965- |
|
| 245 | 1 | 0 |
_aHarry Potter y las reliquias de la muerte / _cJ. K. Rowling ; traducción Gemma Rovira Ortega |
| 260 |
_aBarcelona : _bSalamandra ; _c2016. |
||
| 300 |
_a697 p. : _bil. ; _c22 cm. |
||
| 490 | 0 |
_3Harry Potter, _v7 |
|
| 500 | _aIncluye datos biográficos del autor en la solapa de la cubierta. | ||
| 650 | 4 | _aNovela juvenil inglesa | |
| 650 | 4 |
_aMagia _vNovela |
|
| 700 | 1 |
_aRovira Ortega, Gemma, _etr. |
|
| 910 | _aBTAVAREZ/ VMateo V. Control de calidad (BPMSU) | ||
| 942 |
_2ddc _cBK |
||
| 999 |
_c12691 _d12691 |
||